| 000 | 00536cam a22001691 4500 | ||
|---|---|---|---|
| 082 |
_a624.17 _bAUE _cL-20, P-190 |
||
| 100 | 1 |
_aAu, Tung, _942672 |
|
| 245 | 1 | 0 | _aElementary structural mechanics. |
| 260 |
_aEnglewood Cliffs, N.J., _bPrentice-Hall, _c1963. |
||
| 300 |
_a521 p. _billus. _c24 cm. |
||
| 490 | 1 | _aCivil engineering and engineering mechanics series | |
| 526 |
_a0 _b0 _c0 _d624_170000000000000_AUE |
||
| 650 | 0 |
_aMCE _9379 |
|
| 650 | 0 |
_aMechanics. _910681 |
|
| 650 | 0 |
_aStructural analysis (Engineering) _9654 |
|
| 942 |
_2ddc _cBK |
||
| 999 |
_c546521 _d546521 |
||